Breviario de mitología clásica

Na minha lista:
Detalhes bibliográficos
Autor principal: Köhlmeier, Michael (Author)
Formato: Livro
Idioma:espanhol
Publicado em: Barcelona Edhasa 1999
Edição:1a. ed
Colecção:Los Libros de Sísifo
Assuntos:
Tags: Adicionar Tag
Sem tags, seja o primeiro a adicionar uma tag!

MARC

LEADER 00000nam a2200000 a 4500
001 UCG2801
003 CL-VaPUC
008 100723e19990900SP |||||||||||||||||spa|d
020 |a 8435027058 
082 0 4 |a 398.20938  |b KOH  |2 21 
100 0 |a Köhlmeier, Michael  |e author  |9 551423 
245 1 0 |a Breviario de mitología clásica 
250 |a 1a. ed 
300 |a 3 v 
942 |c BK 
945 |d 20100723 00:00:00  |a mfarfan 
260 |a Barcelona  |b Edhasa  |c 1999 
650 0 |a Mitología griega   |9 265313 
650 7 |a LITERATURA FOLCLORICA  |2 CL-VaPUC  |9 496078 
650 0 |a Mitos  |9 267117 
583 |a last modification  |c 20100723 00:00:00  |k Rodrigo Vera 
490 0 |a Los Libros de Sísifo 
999 |c 341924  |d 341922 
952 |0 0  |1 0  |4 0  |6 398_209380000000000_KOH_1999  |7 0  |8 A  |9 437765  |a BIBHIS  |b BIBHIS  |d 2019-11-22  |h v.1  |i 4697138  |l 1  |o 398.20938 KOH 1999  |p 4697138  |r 2025-01-20  |s 2022-10-03  |w 2019-11-22  |y BK  |k HIS 
952 |0 0  |1 0  |4 0  |6 398_209380000000000_KOH_1999  |7 0  |8 A  |9 437766  |a BIBHIS  |b BIBHIS  |d 2019-11-22  |h v.2  |i 4697146  |o 398.20938 KOH 1999  |p 4697146  |r 2025-01-20  |w 2019-11-22  |y BK  |k HIS 
952 |0 0  |1 0  |4 0  |6 398_209380000000000_KOH_1999  |7 0  |8 A  |9 437767  |a BIBHIS  |b BIBHIS  |d 2019-11-22  |h v.3  |i 4697154  |o 398.20938 KOH 1999  |p 4697154  |r 2025-01-20  |w 2019-11-22  |y BK  |k HIS 
952 |0 0  |1 0  |4 0  |6 398_209380000000000_KOH_1999  |7 0  |8 A  |9 437768  |a BIBHIS  |b BIBHIS  |d 2019-11-22  |h v.1  |i 476692K  |o 398.20938 KOH 1999  |p 476692K  |r 2025-01-20  |w 2019-11-22  |y BK  |k HIS 
952 |0 0  |1 0  |4 0  |6 398_209380000000000_KOH_1999  |7 0  |8 A  |9 437769  |a BIBHIS  |b BIBHIS  |d 2019-11-22  |h v.2  |i 4766938  |o 398.20938 KOH 1999  |p 4766938  |r 2025-01-20  |w 2019-11-22  |y BK  |k HIS 
952 |0 0  |1 0  |4 0  |6 398_209380000000000_KOH_1999  |7 0  |8 A  |9 437770  |a BIBHIS  |b BIBHIS  |d 2019-11-22  |h v.3  |i 4766946  |o 398.20938 KOH 1999  |p 4766946  |r 2025-01-20  |w 2019-11-22  |y BK  |k HIS